Základy chemickej techniky pre 4. ročník stredných priemyselných škôl chemických /

Hlavní autor: Sedlák, Ivan, 1926-
Další autoři: Čermák, František, 1944-, Waltr, Vratislav
Jazyk: Slovenština
Vydáno: Bratislava : Alfa, 1982
Vydání: 1. slov. vyd.
Edice: Edícia chemickej literatúry (Alfa)
Fyzický popis: 367 s.
Knihy
Uloženo v:
LEADER 01012nam a2200277 a 4500
001 000650819
003 CZ BrMZK
005 20030207122456.0
008 030203s1982 xo f slo d
040 |a BOA001  |b cze  |c BOA001 
041 1 |a slo  |h cze 
080 |a 66(075)  |2 MRF 
100 1 |a Sedlák, Ivan,  |d 1926-  |7 js20070817004  |4 aut 
245 1 0 |a Základy chemickej techniky pre 4. ročník stredných priemyselných škôl chemických /  |c Ivan Sedlák, Vratislav Waltr, František Čermák 
250 |a 1. slov. vyd. 
260 |a Bratislava :  |b Alfa,  |c 1982 
300 |a 367 s. 
490 1 |a Edícia chemickej literatúry 
504 |a Bibliografie na s. 354 
700 1 |a Čermák, František,  |d 1944-  |7 jn19981002564  |4 aut 
700 1 |a Waltr, Vratislav  |4 aut 
765 0 |t Základy chemické liteatury  |9 Slovensky 
830 0 |a Edícia chemickej literatúry (Alfa) 
910 |a BOA001  |b TK-0211.198 
990 |a BK 
996 6 |b BC-75642  |c TK-0211.198  |l MZK  |r Sklad / do 24 hodin  |n 0  |w 000650819  |u 000010  |a 1  |e BOA001  |j MZK50  |s P